000 00419nam a2200145Ia 4500
008 240729s9999 xx 000 0 und d
022 _a2636-3402
245 0 _aSVU - International Journal of Medical Sciences
260 _aEgypt
260 _bSouth Valley University, Faculty of Medicine
650 _aMedicine
856 _uhttps://doaj.org/toc/4dc29178d3354d9797135072ec363b0a
942 _2ddc
942 _cDOAJEJ
999 _c66474
_d66474
945 _a1
_bMadushi Gamage
_c1
_dMadushi Gamage